Statistics for They Shoot Pictures, Don't They? - films 221 to 240

Click here to take the quiz!

General Stats

  • This quiz has been taken 36 times
  • The average score is 6 of 20

Answer Stats

Answer% Correct
Close Encounters of the Third Kind
86%
The Matrix
86%
Eraserhead
66%
The Grapes of Wrath
45%
Kes
38%
Sullivan's Travels
34%
Magnolia
31%
Brazil
28%
Ivan the Terrible, Part 2
28%
Germany, Year Zero
21%
McCabe and Mrs. Miller
21%
The Quiet Man
21%
Where Is the Friend's House?
21%
An Autumn Afternoon
17%
Love Streams
17%
The Crowd
17%
Ashes and Diamonds
14%
Black God, White Devil
14%
Red Desert
14%
The Travelling Players
14%

Score Distribution

Percentile by Number Answered

Percent of People with Each Score

Your Score History

You have not taken this quiz